FLORENCE NIGHTINGALE (Record no. 2230)

MARC details
000 -LEADER
fixed length control field 00343nam a2200133Ia 4500
008 - FIXED-LENGTH DATA ELEMENTS--GENERAL INFORMATION
fixed length control field 220530s9999 xx 000 0 und d
020 ## - INTERNATIONAL STANDARD BOOK NUMBER
International Standard Book Number 9789380704685
100 ## - MAIN ENTRY--PERSONAL NAME
Personal name PUSHPA
9 (RLIN) 60677
245 ## - TITLE STATEMENT
Title FLORENCE NIGHTINGALE
250 ## - EDITION STATEMENT
Edition statement FIRST
260 ## - PUBLICATION, DISTRIBUTION, ETC. (IMPRINT)
Place of publication, distribution, etc. NAGPUR
Name of publisher, distributor, etc. JAYPEE PUBLICATION,NAGPUR
Date of publication, distribution, etc. 2010
650 ## - SUBJECT ADDED ENTRY--TOPICAL TERM
Topical term or geographic name as entry element NURSING FOUNDATION
9 (RLIN) 60678
Holdings
Withdrawn status Lost status Damaged status Not for loan Home library Current library Date acquired Vendor Cost, normal purchase price Total Checkouts Barcode Date last seen Bill Date Koha item type Original Barcode
        Sitabai Nargundkar College of Nursing Nagpur Sitabai Nargundkar College of Nursing Nagpur 08/04/2011 TEXTBOOK,PURCHASE JAYPEE BROTHERS PUBLICATION,NAGPUR,INVOICE NO.457 98.55   SNCN-BK-1049 05/05/2023 31/05/2022 Books 1049
        Sitabai Nargundkar College of Nursing Nagpur Sitabai Nargundkar College of Nursing Nagpur 07/04/2014 TEXTBOOK PURCHASE JAYPEE BROTHERS NAGPUR INVOICE NO 1297 105.00   SNCN-BK-1305 05/05/2023 31/05/2022 Books 1305